statistical mechanics physics (Record no. 293003)

MARC details
000 -LEADER
fixed length control field 00312pam a2200133a 44500
008 - FIXED-LENGTH DATA ELEMENTS--GENERAL INFORMATION
fixed length control field 230405s1900 xxu||||| |||| 00| 0 eng d
041 ## - LANGUAGE CODE
Language code of text/sound track or separate title ENG
100 ## - MAIN ENTRY--PERSONAL NAME
Personal name Nadgowda K.S
245 ## - TITLE STATEMENT
Title statistical mechanics physics
260 ## - PUBLICATION, DISTRIBUTION, ETC.
Place of publication, distribution, etc.
Name of publisher, distributor, etc. zerox copy
Date of publication, distribution, etc. 1900
300 ## - PHYSICAL DESCRIPTION
Extent 95
700 ## - ADDED ENTRY--PERSONAL NAME
Personal name Thsnkhiwale A.V
906 ## - LOCAL DATA ELEMENT F, LDF (RLIN)
a 1660
Holdings
Withdrawn status Lost status Damaged status Not for loan Collection Home library Current library Shelving location Date acquired Source of acquisition Cost, normal purchase price Total Checkouts Full call number Barcode Date last seen Price effective from Koha item type
          Matoshri Bayabai Shripatrao Kadam Kanya Mahavidyalaya, Kadegaon, Sangli Matoshri Bayabai Shripatrao Kadam Kanya Mahavidyalaya, Kadegaon, Sangli   04/11/2011 zerox copy 75.00   531.12 KVK-S03330 18/04/2023 18/04/2023 Book